Elementos para el proyecto de drenajes

-д хадгалсан:
Номзүйн дэлгэрэнгүй
Байгууллагын зохиогч: FAO (Зохиогч)
Формат: Ном
Хэл сонгох:испани
Хэвлэсэн: Roma FAO 1985
Цуврал:Estudio FAO: riego y drenaje, 38
Нөхцлүүд:
Шошгууд: Шошго нэмэх
Шошго байхгүй, Энэхүү баримтыг шошголох эхний хүн болох!

MARC

LEADER 00000nam a2200000 a 4500
001 UCV7350
003 CL-VaPUC
008 910927e19850000IT |||||||||||||||||spa|d
082 0 4 |a 631.62  |b FAO  |2 21 
110 2 |a FAO  |e author  |9 301449 
245 1 0 |a Elementos para el proyecto de drenajes 
300 |a 40 p 
942 |c BK 
945 |d 19910927 00:00:00 
260 |a Roma  |b FAO  |c 1985 
650 0 |a Drenaje  |9 262510 
583 |a last modification  |c 19910927 00:00:00  |k Rodrigo Vera 
490 0 |a Estudio FAO: riego y drenaje, 38 
999 |c 213044  |d 213042 
952 |0 0  |1 1  |2 ddc  |4 0  |6 631_620000000000000_FAO_1985  |7 0  |8 A  |9 195029  |a BIBAGR  |b BIBAGR  |d 2019-11-14  |i 2631490  |o 631.62 FAO 1985  |p 2631490  |r 2019-11-14  |w 2019-11-14  |y BK  |k AGR